Využitie GPS modulu v IoT

Salvato in:
Dettagli Bibliografici
Autore principale: Čižmár, Peter (Autore)
Altri autori: Gallo, Ondrej (Relatore della tesi)
Natura: Manoscritto Libro
Lingua:slovacco
Pubblicazione: 2019
Soggetti:
Accesso online:http://is.stuba.sk/zp/portal_zp.pl?podrobnosti=123654
Tags: Aggiungi Tag
Nessun Tag, puoi essere il primo ad aggiungerne!!

MARC

LEADER 00000ntm a22000003a 4500
001 stuzp66390
003 SK-STU
005 20190902075412.1
007 ta
008 150427s2015----xo-----f-mn---000-0-slo-d
040 |a STU  |b slo 
041 0 |a slo 
044 |a xo 
100 1 |a Čižmár, Peter  |u 035000  |4 aut  |U FEI Fakulta elektrotechniky a informatiky  |T FEI Ústav informatiky a matematiky  |X 74650  |U E050  |Y 816  |7 74650 
242 0 1 |a Using GPS module in IoT  |y eng 
245 1 0 |a Využitie GPS modulu v IoT 
260 |c 2019 
300 |a 51 s., príl.,  |b CD-ROM 
650 4 |a Internet vecí  |2 slo 
650 4 |a Arduino  |2 slo 
650 4 |a GPS  |2 slo 
650 4 |a komunikácia  |2 slo 
650 4 |a GPS  |2 eng 
650 4 |a Internet of Things  |2 eng 
650 4 |a communication  |2 eng 
650 4 |a Arduino  |2 eng 
700 1 |a Gallo, Ondrej  |u 035000  |k Z1  |4 ths  |U FEI Fakulta elektrotechniky a informatiky  |T FEI Ústav informatiky a matematiky  |X 27473  |U E050  |Y 816  |7 A000027473 
856 4 |u http://is.stuba.sk/zp/portal_zp.pl?podrobnosti=123654 
996 |b 284ER02990  |c E*Bc- 2990  |l EE35  |s P  |a 0  |w stuzp66390_0001